00684nam a2200217Ia 4500003000900000008004100009040001300050040001300063041000800076100002800084100000900112245006800121250001000189260001500199260000900214300001000223490000600233942000700239999001700246952020300263IT-RoPAU120407s9999 xx 000 0 und d aIT-RoPAU cIT-RoPAU afra aLéonce De Grandmaison cs.j. aJésus Christ, sa personne, son message, ses preuves. 23. ed.  aParis aBeauchesne c1941 c25 cm v2 cBK c17245d17245 00102ddc406232_900000000000000_2771aPAULUSbPAULUSd2012-04-11l0o232.9.27r2012-04-11 00:00:00w2012-04-11yBKzInserito da: Anna In data: 12 settembre 2011 fondo: Via A.Severo 56 Progr:16126